AH International Schools' Libraries

Fulfilling the Promise of the Differentiated Classroom (Record no. 49001)

MARC details
000 -LEADER
fixed length control field 00367nam a22001217a 4500
008 - FIXED-LENGTH DATA ELEMENTS--GENERAL INFORMATION
fixed length control field 250701b |||||||| |||| 00| 0 eng d
020 ## - INTERNATIONAL STANDARD BOOK NUMBER
International Standard Book Number 0871208121
100 ## - MAIN ENTRY--PERSONAL NAME
Personal name Carol Ann Tomlinson (Author)
9 (RLIN) 86377
245 ## - TITLE STATEMENT
Title Fulfilling the Promise of the Differentiated Classroom
260 ## - PUBLICATION, DISTRIBUTION, ETC. (IMPRINT)
Name of publisher, distributor, etc ASCD
Date of publication, distribution, etc 2003
300 ## - PHYSICAL DESCRIPTION
Extent 141 pages
Other physical details col. ill.
Dimensions 9 x 0.38 x 10.48 inches
942 ## - ADDED ENTRY ELEMENTS (KOHA)
Source of classification or shelving scheme
Holdings
Withdrawn status Lost status Source of classification or shelving scheme Damaged status Not for loan Collection code Home library Current library Date acquired Total Checkouts Full call number Barcode Date last seen Price effective from Koha item type
          Non-Fiction Asian Hope Siem Reap Asian Hope Siem Reap 07/01/2025   NFIC CAR 209054 07/01/2025 07/01/2025 Book

For any Logos Library related questions please contact Miss Art at swongnarasuk@asianhope.org.

For any Asian Hope Library related questions please contact Miss Raza at graza@asianhope.org.

Click here to explore our ebooks!

Powered by Koha